Normal view
MARC view
- القانون المدني-اصول المحاكمات-الاردن
Entry Topical Term
001 - CONTROL NUMBER
- control field: 59630
003 - CONTROL NUMBER IDENTIFIER
- control field: JO-AjAnu
005 - DATE AND TIME OF LATEST TRANSACTION
- control field: 20230606083741.0
008 - FIXED-LENGTH DATA ELEMENTS
- fixed length control field: 230606|| aca||aabn | a|a d
040 ## - CATALOGING SOURCE
- Original cataloging agency: JO-AjAnu
- Transcribing agency: JO-AjAnu
150 ## - HEADING--TOPICAL TERM
- Topical term or geographic name entry element: القانون المدني-اصول المحاكمات-الاردن
670 ## - SOURCE DATA FOUND
- Source citation: Work cat.: (JO-AjAnu)30411: العتيبي، جهاد صالح, author 59629, القواعد القضائية في شرح القانون المدني: آثار العقد. الادارة المنفردة =Judicial Rules in Explaining The Civil Law:Contract Impacts.The Individual Will، الجزء الثالث